000 00453nam a2200181Ia 4500
005 20250326142504.0
008 250326s9999 xx 000 0 und d
037 _aTextbook
040 _aFMSL
_beng
_cFMSL
041 _aeng
_2eng
084 _qFMSL
100 _aDiwan P
245 0 _aCommunication management
_cDiwan P
260 _aNew Delhi
_bNew Delhi, Pentagon Press
_c1997
300 _a231p
942 _cTB
999 _c1295266
_d1295266